|
|
|
|
| LEADER |
00000nab a2200000 a 4500 |
| 001 |
vtls000668312 |
| 003 |
SK-MaSNL |
| 005 |
20260302190235.0 |
| 008 |
180206c1998 xo 0 slo |
| 015 |
|
|
|a SNBRB1998/10-28003
|
| 035 |
|
|
|a CLN000020493
|
| 040 |
|
|
|a SNKBUCL
|b slo
|c SNKBUCL
|e AACR2
|
| 041 |
0 |
|
|a slo
|
| 044 |
|
|
|a xo
|c SK
|
| 080 |
|
|
|a 796.323.093.1
|2 UDC-MRF-SK2
|
| 100 |
0 |
|
|a (maj)
|4 aut
|9 873499
|
| 245 |
1 |
0 |
|a 1. tory liga basketbalistov
|b Svit-Inter 79:70 (41:35)
|c [autor] (maj)
|
| 650 |
0 |
7 |
|a basketbal
|x muži
|x 1. tory liga
|y sezóna 1998/1999
|2 snkbucl
|9 888608
|
| 655 |
|
7 |
|a články z novín a časopisov
|2 snkbucl
|9 267496
|
| 773 |
0 |
|
|t Šport
|g Roč. 52, č. 226 (1.10.1998), s. 4
|
| 850 |
|
|
|a Slovenská národná knižnica v Martine
|
| 852 |
|
|
|a SNK
|b KIS3GCP
|
| 958 |
|
|
|a RBX
|
| 999 |
|
|
|c 1432575
|d 1434505
|